[Event "AUTO-MASTER-2783"]
[Site "http://www.queenalice.com/game.php?id=1548472"]
[Date "2018.11.7"]
[Round "1"]
[White "wiktormool"]
[Black "magrella"]
[Result "0-1"]
[WhiteElo "2048"]
[BlackElo "2029"]

1. c4 e5 2. Nc3 Nf6 3. e4 Bc5 4. Nf3 c6 5. d4 exd4 6. Nxd4 O-O 7. Be3 Bb4 8. Bd2
Bc5 9. Nb3 Bb6 10. Bg5 d6 11. Qd2 h6 12. Bh4 Nbd7 13. g3 Bc7 14. Bg2 Ne5 15. O-O
Nxc4 16. Qe2 b5 17. Rfd1 g5 18. Nd2 Nxb2 19. Rdb1 Ba5 0-1

[Event "Challenge"]
[Site "http://www.queenalice.com/game.php?id=1553511"]
[Date "2018.12.20"]
[Round "-"]
[White "WLAO"]
[Black "magrella"]
[Result "0-1"]
[WhiteElo "1589"]
[BlackElo "2069"]

1. b3 e5 2. e4 Nf6 3. d3 d5 4. Bg5 Be7 5. Qf3 d4 6. g3 Nc6 7. Bh3 Bxh3 8. Nxh3
h6 9. Bh4 Nb4 10. Qd1 g5 11. Bxg5 hxg5 12. Nd2 Rxh3 13. Nc4 Bd6 14. Qd2 Ng4 15.
a3 Nxh2 16. axb4 Nf3+ 17. Ke2 Nxd2 18. Rxh3 Nxc4 19. bxc4 Bxb4 20. Rh8+ Bf8 21.
Rah1 Qe7 22. Rg8 O-O-O 23. Ra1 a6 24. Rh8 Qf6 25. Rhh1 g4 26. Rhf1 Qf3+ 27. Kd2
Bb4+ 28. Kc1 Rh8 29. Rb1 a5 30. Kb2 Rh2 31. Kb3 Rxf2 32. Rxf2 Qxf2 33. Rb2 Qd2
34. Ka4 Qc3 35. Ra2 Bc5 36. Kb5 Qb4# 0-1

[Event "Challenge"]
[Site "http://www.queenalice.com/game.php?id=1553530"]
[Date "2018.12.21"]
[Round "-"]
[White "roli68"]
[Black "magrella"]
[Result "0-1"]
[WhiteElo "1669"]
[BlackElo "2041"]

1. e4 e5 2. Nh3 d6 3. Bb5+ c6 4. Bc4 d5 5. exd5 cxd5 6. Bb5+ Bd7 7. Qe2 Bd6 8.
Nc3 d4 9. Nd5 Nf6 10. Qc4 O-O 11. Nxf6+ Qxf6 12. Qd5 Bc8 13. d3 Qe7 14. Bg5 Qc7
15. Rc1 Bb4+ 16. Ke2 Bxh3 17. gxh3 Qc8 18. Qg2 Nd7 19. Bh6 g6 20. a3 Rd8 21.
axb4 a5 22. Ra1 Qxc2+ 23. Bd2 Rab8 24. Bc4 Rf8 25. Rab1 Nb6 26. Rhc1 Qa4 27. Ra1
Qd7 28. Rxa5 Qf5 29. Rf1 Rfe8 30. f3 Qc8 31. Rc1 Qd8 32. Bb3 Qe7 33. Rc6 bxc6
34. Qg3 Rbc8 35. Kf2 Kh8 36. Ra6 Qb7 37. Ra5 f5 38. h4 e4 39. Qd6 Nd7 40. Qxd4+
Ne5 41. f4 Qg7 42. dxe4 Ng4+ 43. Kg3 Qxd4 44. Bc3 Qxc3+ 45. bxc3 Rxe4 46. Bc2
Re3+ 47. Kg2 Re2+ 48. Kg3 Rxc2 49. Rc5 Rxh2 50. b5 Rd2 51. b6 Rb2 52. b7 Rxb7
53. h5 Nf6 54. Kh4 Rb1 55. Kg5 Ne4+ 56. Kh6 Rh1 57. Ra5 Rxh5# 0-1

[Event "Challenge"]
[Site "http://www.queenalice.com/game.php?id=1553531"]
[Date "2018.12.21"]
[Round "-"]
[White "magrella"]
[Black "roli68"]
[Result "1-0"]
[WhiteElo "2071"]
[BlackElo "1670"]

1. e4 e5 2. Nf3 d6 3. Bc4 Nh6 4. h3 a6 5. O-O b5 6. Bd5 c6 7. Bb3 a5 8. a4 b4 9.
d4 Qf6 10. Bg5 Qg6 11. Re1 f6 12. Bxh6 gxh6 13. dxe5 fxe5 14. Nbd2 Bxh3 15. Nh4
Qg7 16. Nc4 Qg5 17. g3 Be7 18. Nxd6+ Kf8 19. Qf3+ Bf6 20. Qe2 Qg7 21. Nhf5 Bxf5
22. Nxf5 Qg6 23. Qc4 h5 24. Qc5+ Ke8 25. Nd6+ Kd7 26. Rad1 Kc7 27. Bd5 Ra6 28.
Bc4 Be7 29. Nb5+ Kb7 30. Qxe7+ Kb6 31. b3 Rc8 32. Nd6 Rc7 33. Qxe5 Nd7 34. Qf4
Ra8 35. Qe3+ Nc5 36. c3 Rd7 37. e5 Rad8 38. Ra1 Rxd6 39. exd6 Rxd6 40. cxb4 axb4
41. a5+ Kc7 42. Qxc5 Rd7 43. a6 h4 44. Qe5+ Kb6 45. Qb8+ Kc5 46. Ra5+ Kd4 47.
Qe5# 1-0

[Event "AUTO-MASTER-2803"]
[Site "http://www.queenalice.com/game.php?id=1556045"]
[Date "2019.1.9"]
[Round "1"]
[White "Rafale2000"]
[Black "magrella"]
[Result "1/2-1/2"]
[WhiteElo "2007"]
[BlackElo "2028"]

1. d4 e6 2. Nf3 Nf6 3. Bf4 d5 4. e3 c5 5. Bb5+ Bd7 6. Nc3 c4 7. O-O Bb4 8. Bxd7+
Nbxd7 9. Nb5 O-O 10. Nc7 Rb8 11. c3 Be7 12. Ng5 Rc8 13. Ncxe6 fxe6 14. Nxe6 Qb6
15. Nxf8 Bxf8 16. Qc2 Nh5 17. Bg3 Ndf6 18. Be5 Be7 19. h3 Rf8 20. g4 Qe6 21.
gxh5 Qxh3 22. f3 Qxh5 23. Qh2 Qg5+ 24. Qg2 Qxe3+ 25. Kh1 Nh5 26. Rae1 Qh6 27.
Qh2 g6 28. Re2 Bf6 29. Rg1 Rf7 30. Bxf6 Rxf6 31. Re8+ Kf7 32. Rb8 g5 33. Qc7+
Kg6 34. Rg8+ Ng7+ 35. Kg2 g4 36. fxg4 Qd2+ 37. Kh1 Qh6+ 38. Kg2 Qd2+ 39. Kh3
Qh6+ 40. Kg2 1/2-1/2

[Event "AUTO-MASTER-2803"]
[Site "http://www.queenalice.com/game.php?id=1556046"]
[Date "2019.1.9"]
[Round "1"]
[White "magrella"]
[Black "Rafale2000"]
[Result "0-1"]
[WhiteElo "2060"]
[BlackElo "1980"]

1. e4 Nf6 2. Nc3 d5 3. e5 d4 4. exf6 dxc3 5. bxc3 exf6 6. Nf3 Bd6 7. Bb2 O-O 8.
Bc4 Re8+ 9. Be2 Bg4 10. O-O c5 11. c4 Nc6 12. h3 Bh5 13. d4 cxd4 14. g4 Bg6 15.
Bxd4 Nxd4 16. Nxd4 Qb6 17. Re1 Be5 18. c3 Rad8 19. Bd3 Bxd4 20. Rxe8+ Rxe8 21.
Qc2 Bxd3 22. Qxd3 Bxf2+ 23. Kf1 Bh4 24. Qd2 Qc6 25. Qd3 Qh1# 0-1

[Event "AUTO-MASTER-2803"]
[Site "http://www.queenalice.com/game.php?id=1556061"]
[Date "2019.1.9"]
[Round "1"]
[White "LOMBARDY"]
[Black "magrella"]
[Result "1-0"]
[WhiteElo "2157"]
[BlackElo "2073"]

1. d4 e6 2. e4 c5 3. dxc5 Bxc5 4. Nf3 Qb6 5. Qe2 Ne7 6. Nc3 O-O 7. g3 Nbc6 8.
Bg2 h6 9. O-O e5 10. Na4 Qa5 11. Nxc5 d6 12. Nb3 Qc7 13. c3 Be6 14. Nfd2 a6 15.
f4 exf4 16. gxf4 f5 17. Nf3 Ng6 18. Nbd4 Nxd4 19. Nxd4 Qc8 20. Nxe6 Qxe6 21. e5
dxe5 22. fxe5 Nxe5 23. Bf4 Qb6+ 24. Kh1 Ng6 25. b3 Rae8 26. Qf2 Qf6 27. Rac1 b5
28. Be3 f4 29. Bd4 Qg5 30. Bf3 Nh4 31. Rg1 Qd8 32. Rxg7+ 1-0

[Event "AUTO-MASTER-2803"]
[Site "http://www.queenalice.com/game.php?id=1556062"]
[Date "2019.1.9"]
[Round "1"]
[White "magrella"]
[Black "LOMBARDY"]
[Result "0-1"]
[WhiteElo "2006"]
[BlackElo "2186"]

1. e4 c5 2. c4 d6 3. Nf3 Nc6 4. d4 cxd4 5. Nxd4 Bd7 6. Be2 Nf6 7. Nc3 g6 8. Be3
Bg7 9. h3 a6 10. O-O O-O 11. a3 Rc8 12. b4 Ne5 13. Qb3 Nc6 14. Rfd1 Nxd4 15.
Bxd4 Be6 16. a4 Qc7 17. Nd5 Bxd5 18. exd5 Rfe8 19. Rac1 e5 20. dxe6 Rxe6 21. Bd3
Bh6 22. Rb1 Nd7 23. Bc3 b5 24. axb5 axb5 25. Bd2 Bxd2 26. Rxd2 bxc4 27. Bxc4
Qxc4 28. Qb2 d5 29. b5 Rb6 30. Rdd1 Rcb8 31. Qa1 Qe4 32. Re1 Qf5 33. Rb3 Nc5 34.
Rbe3 Ne4 35. f3 Nd6 36. Re5 Qd3 37. Rd1 Qxb5 38. Rexd5 Qxd5 39. Rxd5 Rb1+ 40.
Qxb1 Rxb1+ 41. Kh2 Nf5 42. Rd2 h5 43. g4 Ne3 44. Re2 Nf1+ 45. Kg2 h4 46. Kf2 Ng3
47. Re1 Rb2+ 48. Ke3 Rh2 49. Kf4 Rxh3 50. Kg5 Kg7 51. Kf4 Kf6 52. g5+ Kg7 53.
Kg4 Rh2 54. f4 Nf5 55. Rg1 Ra2 56. Re1 Ra3 57. Rg1 Rg3+ 58. Rxg3 hxg3 59. Kf3
Kf8 60. Kg2 Ke7 61. Kf3 Ke6 0-1

[Event "AUTO-MASTER-2803"]
[Site "http://www.queenalice.com/game.php?id=1556071"]
[Date "2019.1.9"]
[Round "1"]
[White "elisangela"]
[Black "magrella"]
[Result "1-0"]
[WhiteElo "1918"]
[BlackElo "1997"]

1. e3 e5 2. g3 d5 3. Bg2 e4 4. f3 Nf6 5. fxe4 dxe4 6. b3 Be7 7. Bb2 O-O 8. Bxf6
Bxf6 9. c3 Re8 10. Qc2 Bf5 11. Na3 Nc6 12. O-O-O Re6 13. Bh3 Bxh3 14. Nxh3 Be7
15. b4 Nxb4 16. cxb4 Bxb4 17. Nc4 Qf6 18. Kb1 Bd6 19. Rdf1 Qe7 20. Nf4 Bxf4 21.
Rxf4 b5 22. Na5 Rb8 23. Rhf1 f6 24. Nc6 Rxc6 25. Qxc6 b4 26. Rxe4 Qf7 27. Rc4 b3
28. axb3 Qg6+ 29. Ka2 Qf7 30. Qxc7 Qf8 31. Rf5 Rd8 32. Qa5 Qe7 33. Rd5 Re8 34.
Rc7 Qe4 35. Rdd7 Re5 36. Rxg7+ Kh8 37. Rxh7+ Kg8 38. Rcg7+ Kf8 39. Qd8+ Re8 40.
Qxf6# 1-0

[Event "AUTO-MASTER-2803"]
[Site "http://www.queenalice.com/game.php?id=1556072"]
[Date "2019.1.9"]
[Round "1"]
[White "magrella"]
[Black "elisangela"]
[Result "0-1"]
[WhiteElo "2027"]
[BlackElo "1893"]

1. e4 e6 2. d4 a6 3. Nf3 h6 4. Nc3 Bb4 5. Bd2 d6 6. Be2 Bxc3 7. Bxc3 d5 8. e5
Bd7 9. O-O Bb5 10. a4 Bxe2 11. Qxe2 g5 12. Nd2 Qe7 13. b4 h5 14. Nb3 f5 15. a5
g4 16. f4 b6 17. b5 axb5 18. Qxb5+ Qd7 19. Qd3 bxa5 20. Nc5 Qc8 21. Bxa5 Rh7 22.
Qb5+ c6 23. Qa4 Rha7 24. Qb4 Nd7 25. Nxe6 c5 26. dxc5 Rb8 27. Qc3 Rb5 28. c6 Nc5
29. Nc7+ Rxc7 30. Bxc7 Qxc7 31. Ra8+ Kf7 32. Qa1 Qxc6 33. Re1 Ne4 34. Qa3 Qc5+
35. Re3 Rb1+ 0-1

[Event "Challenge"]
[Site "http://www.queenalice.com/game.php?id=1559664"]
[Date "2019.2.4"]
[Round "-"]
[White "Magogue"]
[Black "magrella"]
[Result "0-1"]
[WhiteElo "1192"]
[BlackElo "1980"]

1. e4 e5 2. Nf3 d6 3. d4 Bg4 4. dxe5 Bxf3 5. Qxf3 dxe5 6. Bc4 Nf6 7. Bg5 Be7 8.
O-O Qd4 9. Qc3 Nc6 10. Bxf6 Bxf6 11. Qxd4 Nxd4 12. Bd3 a6 13. Nc3 O-O-O 0-1

[Event "Challenge"]
[Site "http://www.queenalice.com/game.php?id=1559665"]
[Date "2019.2.4"]
[Round "-"]
[White "magrella"]
[Black "Magogue"]
[Result "1-0"]
[WhiteElo "1978"]
[BlackElo "1194"]

1. e4 e5 2. Nf3 Nc6 3. Bb5 a6 4. Bxc6 dxc6 5. Nxe5 Qd4 6. O-O Qxe5 7. d4 Qe7 8.
d5 cxd5 9. exd5 Qd6 10. Nc3 Nf6 11. Bg5 1-0

[Event "Challenge"]
[Site "http://www.queenalice.com/game.php?id=1564562"]
[Date "2019.3.17"]
[Round "-"]
[White "magrella"]
[Black "Olavio"]
[Result "1-0"]
[WhiteElo "1982"]
[BlackElo "1500"]

1. e4 e5 2. Nf3 Bc5 3. Nxe5 d5 4. Qf3 Nf6 5. d3 Bd4 6. Bf4 Nc6 7. Nxc6 bxc6 8.
Nc3 h5 9. h4 Ng4 10. Nd1 Rb8 11. Rb1 Qe7 12. Be2 Qc5 13. c3 Qa5 14. a3 Rb3 15.
Bd2 Ne5 16. Qg3 Nc4 17. dxc4 Bf6 18. e5 Be7 19. Qxg7 Rf8 20. Bxh5 dxc4 21. Be2
Be6 22. Ne3 Kd7 23. Bxc4 Rb5 24. Bxb5 1-0

[Event "Challenge"]
[Site "http://www.queenalice.com/game.php?id=1576613"]
[Date "2019.7.7"]
[Round "-"]
[White "magrella"]
[Black "Olavio"]
[Result "1-0"]
[WhiteElo "1984"]
[BlackElo "1530"]

1. c4 e5 2. e4 c5 3. Nf3 Qf6 4. d3 h6 5. Nc3 Nc6 6. Nd5 Qd6 7. Bd2 Nf6 8. Be2
Ne7 9. Bc3 Nexd5 10. cxd5 a6 11. Bxe5 Qb6 12. Bxf6 gxf6 13. b3 Bg7 14. Rb1 Rg8
15. Nh4 d6 16. Bf3 f5 17. Qe2 f4 18. Nf5 Bxf5 19. exf5+ Be5 20. Bh5 Rxg2 21. Bf3
Rg5 22. Qe4 f6 23. Ke2 Ke7 24. h4 Rg7 25. h5 Rag8 26. b4 cxb4 27. Rxb4 Qc7 28.
d4 Kf7 29. dxe5 Re8 30. e6+ Kf8 31. Qxf4 Ke7 32. Rc1 Qb8 33. Qxh6 Reg8 34. Rcb1
b5 35. a4 Qc7 36. Be4 Rg4 37. Bd3 Rg2 38. axb5 Qb6 39. Rf1 a5 40. Rc4 Qa7 41.
Qc1 Qa8 42. Rc7+ Kd8 43. b6 R2g7 44. b7 Qb8 45. Rc8+ Qxc8 46. bxc8=Q+ Ke7 47.
Q1c7# 1-0

[Event "Challenge"]
[Site "http://www.queenalice.com/game.php?id=1580686"]
[Date "2019.8.18"]
[Round "-"]
[White "Olavio"]
[Black "magrella"]
[Result "0-1"]
[WhiteElo "1552"]
[BlackElo "1986"]

1. e3 d5 2. c4 Nf6 3. c5 e6 4. g4 h6 5. h4 g6 6. Bg2 Bxc5 7. e4 dxe4 8. g5 hxg5
9. hxg5 Rxh1 10. Bxh1 Qd4 11. Nc3 Qxf2# 0-1

[Event "Challenge"]
[Site "http://www.queenalice.com/game.php?id=1582080"]
[Date "2019.8.31"]
[Round "-"]
[White "magrella"]
[Black "Olavio"]
[Result "1-0"]
[WhiteElo "1988"]
[BlackElo "1539"]

1. e4 e5 2. Nf3 d6 3. d3 Bg4 4. Nc3 Bxf3 5. Qxf3 Nf6 6. Bg5 Be7 7. O-O-O Nfd7 8.
Bxe7 Qxe7 9. Nd5 Qd8 10. g3 c6 11. Nc3 Na6 12. Kb1 b5 13. d4 Nb4 14. Bh3 Rb8 15.
Bxd7+ Qxd7 16. dxe5 c5 17. Rxd6 Qe7 18. Rhd1 O-O 19. a3 Nxc2 20. Kxc2 b4 21.
axb4 Rxb4 22. Nd5 Qb7 23. Nxb4 Qxb4 24. Rd8 Qa4+ 25. Kb1 Re8 26. R1d7 Qxd7 27.
Rxd7 Rf8 28. Qg4 a5 29. e6 g6 30. e5 h5 31. exf7+ Rxf7 32. Qe6 g5 33. Qxf7+ Kh8
34. Qh7# 1-0

[Event "Challenge"]
[Site "http://www.queenalice.com/game.php?id=1582081"]
[Date "2019.8.31"]
[Round "-"]
[White "Olavio"]
[Black "magrella"]
[Result "0-1"]
[WhiteElo "1537"]
[BlackElo "1990"]

1. e4 e5 2. d4 exd4 3. Qxd4 Nc6 4. Qc3 Bb4 5. Qxb4 Nxb4 6. Bd3 Nxd3+ 7. cxd3 d6
8. h3 Nf6 9. Bg5 c5 10. Nf3 h6 11. Bh4 b6 12. O-O O-O 13. Nbd2 Ba6 14. Rfe1 Bxd3
15. Re3 c4 16. Nh2 g5 17. Bg3 Re8 18. f3 b5 19. b4 d5 20. e5 d4 21. Ree1 Nh5 22.
Bf2 Nf4 23. Ng4 Re6 24. Bg3 Ne2+ 25. Rxe2 Bxe2 26. Ne4 Kg7 27. Nef6 d3 28. Ne3
Qd4 29. Bf2 Qxa1+ 30. Kh2 Qxe5+ 31. Bg3 Qxe3 32. Ng4 Qd2 33. Be5+ Kg6 34. f4
Bxg4 35. hxg4 Rxe5 36. fxe5 Qf4+ 37. g3 Qxe5 38. a4 Re8 39. a5 Qb2+ 40. Kh3 Re2
41. a6 Rh2# 0-1

[Event "AUTO-ADV-3693"]
[Site "http://www.queenalice.com/game.php?id=1585834"]
[Date "2019.10.6"]
[Round "2"]
[White "magrella"]
[Black "SubRoger"]
[Result "0-1"]
[WhiteElo "2020"]
[BlackElo "2047"]

1. e4 e6 2. d4 d5 3. e5 c5 4. b3 Nc6 5. Nf3 Nge7 6. dxc5 Ng6 7. Be3 Ngxe5 8. Bb5
Qa5+ 9. Nbd2 Qxb5 10. a4 Qa5 11. O-O Bxc5 12. Qe1 Nxf3+ 13. Nxf3 Qxe1 14. Rfxe1
Bxe3 15. Rxe3 O-O 16. Rae1 b6 17. h3 Bb7 18. g4 Rac8 19. c3 Na5 20. b4 Nc4 21.
R3e2 Nd6 22. Rc2 Rc7 23. Ne5 Rfc8 24. Rec1 d4 25. c4 Be4 26. Re2 Bb7 27. f4 Nxc4
28. Nd3 Ne3 29. Ree1 Rxc1 30. Nxc1 Rc2 31. Ne2 d3 32. Kf2 Nc4 33. h4 dxe2 34.
Rxe2 Rxe2+ 35. Kxe2 Kf8 36. g5 Ke7 37. h5 a5 38. bxa5 bxa5 39. Kd3 Nb2+ 40. Kd4
Nxa4 41. Kc4 Nb6+ 42. Kb5 a4 43. Kxb6 a3 0-1

[Event "AUTO-ADV-3693"]
[Site "http://www.queenalice.com/game.php?id=1585835"]
[Date "2019.10.6"]
[Round "2"]
[White "SubRoger"]
[Black "magrella"]
[Result "0-1"]
[WhiteElo "2020"]
[BlackElo "2003"]

1. d4 e6 2. c4 c5 3. e3 Nf6 4. Bd2 Nc6 5. a3 cxd4 6. Nf3 e5 7. exd4 exd4 8. Bd3
h6 9. O-O Be7 10. Re1 O-O 11. h3 Re8 12. Bf4 Nh5 13. Bh2 d6 14. Be4 Qb6 15. b4
Nf6 16. Bxc6 bxc6 17. Nxd4 Bd7 18. Nc3 c5 19. Nc2 Be6 20. Nd5 Bxd5 21. cxd5 c4
22. Ne3 Rac8 23. Rc1 Ne4 24. Rc2 c3 25. Nf5 Nxf2 26. Rxf2 c2 27. Qc1 Bg5 28.
Rxe8+ Rxe8 29. Bf4 Bxf4 30. Qxf4 Re1+ 31. Kh2 c1=Q 32. Nxh6+ Kh7 33. Qf5+ Kxh6
34. Rf3 Rh1+ 35. Kg3 Qe1+ 0-1

[Event "dia feliz e noite tbm"]
[Site "http://www.queenalice.com/game.php?id=1586913"]
[Date "2019.10.15"]
[Round "-"]
[White "magrella"]
[Black "Olavio"]
[Result "0-1"]
[WhiteElo "1975"]
[BlackElo "1642"]

1. b3 a5 2. Bb2 b5 3. e4 Bb7 4. d3 c5 5. Nf3 f6 6. Be2 h5 7. Nbd2 g5 8. e5 g4 9.
Nh4 e6 10. Rg1 Rh6 11. g3 Bg7 12. exf6 Bxf6 13. Ng2 Bxb2 14. Rb1 Qf6 15. c4 Bd4
16. Nf4 e5 17. Rf1 exf4 18. cxb5 f3 19. Ne4 Qe5 20. Bxf3 Bc3+ 21. Ke2 gxf3+ 22.
Kxf3 Bxe4+ 23. dxe4 Rf6+ 24. Kg2 Nh6 25. f3 Bd4 26. a4 Ng4 27. fxg4 Qxe4+ 28.
Kh3 hxg4+ 29. Qxg4 Rh6+ 30. Qh4 Rxh4+ 31. gxh4 d6 32. Rbe1 Be3 33. Rf2 Ra7 34.
Rg2 Rf7 35. Rg8+ Kd7 36. Rg3 Qe6+ 37. Kg2 Rf2+ 38. Kh1 Qe4+ 0-1

[Event "feliz eh nos rsrs"]
[Site "http://www.queenalice.com/game.php?id=1586914"]
[Date "2019.10.15"]
[Round "-"]
[White "Olavio"]
[Black "magrella"]
[Result "1-0"]
[WhiteElo "1604"]
[BlackElo "2005"]

1. a4 b6 2. b4 d5 3. d4 e6 4. Bd2 Nc6 5. c3 Nce7 6. h4 Nf6 7. Nf3 Nf5 8. Ne5 Bd6
9. Nc6 Bb7 10. Nxd8 Rxd8 11. e3 O-O 12. h5 h6 13. g4 Ne7 14. f4 Ne4 15. Rh3 f5
16. Bd3 a5 17. Bxe4 dxe4 18. b5 c5 19. Qb3 Bc8 20. g5 hxg5 21. fxg5 f4 22. Na3
f3 23. O-O-O Nf5 24. Nc4 Bc7 25. h6 gxh6 26. gxh6 Rd7 27. Ne5 Rh7 28. Rg1+ Kh8
29. Ng6+ Kg8 30. Ne7+ Kh8 31. Nxc8 Rxc8 32. Qxe6 Rf8 33. Rg8+ Rxg8 34. Qf6+ 1-0

[Event "Challenge"]
[Site "http://www.queenalice.com/game.php?id=1595037"]
[Date "2020.1.3"]
[Round "-"]
[White "Olavio"]
[Black "magrella"]
[Result "1-0"]
[WhiteElo "1776"]
[BlackElo "1946"]

1. a4 e5 2. a5 a6 3. Nf3 Nc6 4. e4 Nf6 5. d4 d6 6. d5 Na7 7. Nbd2 Be7 8. h3 c6
9. c4 O-O 10. Bd3 h6 11. Nh4 Nxd5 12. Ndf3 Nf4 13. Bxf4 exf4 14. Nf5 Bf6 15. g4
fxg3 16. fxg3 Bxb2 17. Ra2 Bc3+ 18. Kf1 Re8 19. N3h4 Qg5 20. Rhh2 Bxf5 21. Nxf5
d5 22. h4 Qf6 23. Rhf2 Qe5 24. Qg4 Re6 25. Rae2 Bxa5 26. exd5 Qa1+ 27. Kg2 Rxe2
28. Bxe2 cxd5 29. Nxh6+ Kh7 30. Bd3+ 1-0

[Event "Challenge"]
[Site "http://www.queenalice.com/game.php?id=1595038"]
[Date "2020.1.3"]
[Round "-"]
[White "magrella"]
[Black "Olavio"]
[Result "0-1"]
[WhiteElo "1923"]
[BlackElo "1800"]

1. e4 a5 2. d4 a4 3. a3 b5 4. Nf3 Ba6 5. Bd3 e6 6. c3 c5 7. Be2 c4 8. Qc2 h6 9.
O-O Bb7 10. Nbd2 Bd6 11. e5 Bc7 12. Ne4 Bxe4 13. Qxe4 Ra6 14. Rd1 d5 15. Qb1 Ne7
16. h3 Ng6 17. Nh2 Nd7 18. Bh5 Bxe5 19. dxe5 Ndxe5 20. Re1 Nd3 21. Re2 e5 22.
Be3 Rf6 23. Bc5 Ngf4 24. Bxf7+ Rxf7 25. Rd2 Nxh3+ 26. Kf1 Ng5 27. Be3 Ne4 28.
Re2 Ng3+ 29. Kg1 Nxe2+ 30. Kh1 Qh4 31. Qf1 Nxf2+ 32. Bxf2 Rxf2 33. Qe1 Rf1+ 34.
Qxf1 Ng3+ 0-1